=LDR 00000nam 2200000 4500 =001 INLIS000000000027774 =005 20200310073945 =035 ##$$a 0010-061300000027774 =008 200310################g##########0#ind## =041 ##$$a Ind =082 ##$$a 297.61 =090 ##$$a 297.61.sir =100 ##$$a Sirajuddin Zar H. =245 1#$$a Filsafat islam, filosof dan filsafatnya, /$c Prof. Dr. H. Sirajuddin Zar, MA. =260 ##$$a Jakarta :$b Rajagrafindo,$c 2012 =300 ##$$a x, 270 hlm, ; $c 21 x 14 cm. =650 #4$$a Filsafat Islam =850 ##$$a NBPNMAT =020 ##$$a 979-3654-35-x =084 ##$$a 297.61 SIR f =250 ##$$a Cet. 5 =990 ##$$a 20609671 =990 ##$$a 90276/BPAP-NTB/2014 =990 ##$$a 91848/BPAP-NTB/2014 =990 ##$$a 94401/BPAP-NTB/2014 =990 ##$$a 21195433/BPAP-NTB/2014 =990 ##$$a 21400613/BPAP-NTB/20142014 =990 ##$$a 0001/BPAP-NTB/20142014 =990 ##$$a 10606438 =990 ##$$a 10606438 =990 ##$$a 20609671 =990 ##$$a 90276/BPAP-NTB/2014 =990 ##$$a 91848/BPAP-NTB/2014 =990 ##$$a 94401/BPAP-NTB/2014 =990 ##$$a 21195433/BPAP-NTB/2014 =990 ##$$a 21400613/BPAP-NTB/20142014 =990 ##$$a 0001/BPAP-NTB/20142014 =990 ##$$a 00046832 =990 ##$$a 20609671 =990 ##$$a 90276/BPAP-NTB/2014 =990 ##$$a 91848/BPAP-NTB/2014 =990 ##$$a 94401/BPAP-NTB/2014 =990 ##$$a 21195433/BPAP-NTB/2014 =990 ##$$a 21400613/BPAP-NTB/20142014 =990 ##$$a 10606438 =990 ##$$a 21303750 =990 ##$$a 20609671 =990 ##$$a 90276/BPAP-NTB/2014 =990 ##$$a 91848/BPAP-NTB/2014 =990 ##$$a 94401/BPAP-NTB/2014 =990 ##$$a 21195433/BPAP-NTB/2014 =990 ##$$a 00046832 =990 ##$$a 10606438 =990 ##$$a 21303753 =990 ##$$a 20609671 =990 ##$$a 90276/BPAP-NTB/2014 =990 ##$$a 91848/BPAP-NTB/2014 =990 ##$$a 94401/BPAP-NTB/2014 =990 ##$$a 21303750 =990 ##$$a 00046832 =990 ##$$a 10606438 =990 ##$$a 21303751 =990 ##$$a 20609671 =990 ##$$a 90276/BPAP-NTB/2014 =990 ##$$a 91848/BPAP-NTB/2014 =990 ##$$a 21303753 =990 ##$$a 21303750 =990 ##$$a 00046832 =990 ##$$a 10606438 =990 ##$$a 21303752 =990 ##$$a 20609671 =990 ##$$a 90276/BPAP-NTB/2014 =990 ##$$a 21303751 =990 ##$$a 21303753 =990 ##$$a 21303750 =990 ##$$a 00046832 =990 ##$$a 10606438 =990 ##$$a 20609670 =990 ##$$a 20609671 =990 ##$$a 21303752 =990 ##$$a 21303751 =990 ##$$a 21303753 =990 ##$$a 21303750 =990 ##$$a 00046832 =990 ##$$a 10606438 =990 ##$$a 20609671 =990 ##$$a 20609670 =990 ##$$a 21303752 =990 ##$$a 21303751 =990 ##$$a 21303753 =990 ##$$a 21303750 =990 ##$$a 00046832 =990 ##$$a 10606438 =990 ##$$a 21303752 =990 ##$$a 20609671 =990 ##$$a 20609670 =990 ##$$a 21303751 =990 ##$$a 21303753 =990 ##$$a 21303750 =990 ##$$a 00046832 =990 ##$$a 10606438 =990 ##$$a 20609670 =990 ##$$a 20609671 =990 ##$$a 21303752 =990 ##$$a 21303751 =990 ##$$a 21303753 =990 ##$$a 21303750 =990 ##$$a 00046832 =990 ##$$a 10606438 =990 ##$$a 20609671 =990 ##$$a 20609670 =990 ##$$a 21303752 =990 ##$$a 21303751 =990 ##$$a 21303753 =990 ##$$a 21303750 =990 ##$$a 00046832 =990 ##$$a 10606438